| 000 | 00965cam a22002533a 4500 | ||
|---|---|---|---|
| 001 | 12586 | ||
| 003 | PGUSA | ||
| 005 | 20140828083254.0 | ||
| 008 | 040601s2004||||xxu|||||s|||||000 | eng d | ||
| 040 |
_aPGUSA _beng |
||
| 042 | _adc | ||
| 050 | 4 | _aBT | |
| 100 | 1 |
_aChafer, Lewis Sperry, _d1871-1952 |
|
| 245 | 1 | 0 |
_aSatan _h[electronic resource] / _cLewis Sperry Chafer |
| 260 |
_bProject Gutenberg, _c2004 |
||
| 505 | 0 | _aThe career of Satan -- The ages -- The course of this age -- This age and the Satanic system -- The satanic host -- Satan's motive -- Satan's methods -- The man of sin -- The fatal omission -- Modern devices -- The believer's present position -- The believer's present victory. | |
| 506 | _aPublic domain in the USA. | ||
| 516 | _aElectronic text | ||
| 653 | _aSpiritual life -- Christianity | ||
| 653 | _aDevil -- Christianity | ||
| 830 | 0 |
_aProject Gutenberg _v12586 |
|
| 856 | 4 | 0 | _uhttp://www.gutenberg.org/ebooks/12586 |
| 942 | _cEB | ||
| 999 |
_c241841 _d241841 |
||